000 00902cab a2200265 4500
001 WB2742-15
008 090401t1991 xxu||||| |||| 00| 0 eng d
035 _a(Sirsi) u27483
041 _aeng
245 _aRICS approves conservation register
260 _c1991
350 _a0
490 _aCS Monthly
_bthe Building Surveyor
_v1 (3) November 1991, 2(1)
520 _aGives details of a register of accredited chartered surveyors having experience in the field of conservation relating to buildings and historic sites. Includes criteria for assessing an individual`s eligibility for inclusion.
650 _aBUILDING CONSERVATION
650 _aABOUT RICS-RICS MEMBERS
650 _aECCLESIASTICAL BUILDINGS
650 _aEXPERTISE
650 _aHISTORIC BUILDINGS
650 _aREGISTERS
650 _aSPECIALISATION
690 _aCONSERVATION
942 _n0
948 _c04/03/1997
999 _c18498
_d18498